Handbook of Neurosurgery (Record no. 10237)

MARC details
000 -LEADER
fixed length control field 00310pam a2200145 a 4500
020 ## - INTERNATIONAL STANDARD BOOK NUMBER
Terms of availability
041 ## - LANGUAGE CODE
Language code of original
082 ## - DEWEY DECIMAL CLASSIFICATION NUMBER
Classification number 617
Item number GRE
100 ## - MAIN ENTRY--PERSONAL NAME
Personal name Mark S. Greenberg .
245 ## - TITLE STATEMENT
Title Handbook of Neurosurgery
Medium Textual Documents
250 ## - EDITION STATEMENT
Edition statement 7th ed. .
260 ## - PUBLICATION, DISTRIBUTION, ETC.
Name of publisher, distributor, etc. Thieme
Date of publication, distribution, etc. 2010
300 ## - PHYSICAL DESCRIPTION
Extent 1337.
930 ## - EQUIVALENCE OR CROSS-REFERENCE-UNIFORM TITLE HEADING [LOCAL, CANADA]
Uniform title 10244
Holdings
Withdrawn status Lost status Damaged status Not for loan Collection Home library Current library Date acquired Source of acquisition Cost, normal purchase price Total Checkouts Full call number Barcode Date last seen Copy number Price effective from Koha item type
          Medical College, Pune Medical College, Pune 19/12/2014 National Book Depot 5670.00   617 GRE MCP-16028 06/02/2023 1 06/02/2023 Book